| 000 | 00673nam a2200205 i 4500 | ||
|---|---|---|---|
| 001 | 26727 | ||
| 003 | ES-MaACL | ||
| 005 | 20251004063052.0 | ||
| 007 | t| | ||
| 008 | 030110s1906 fr ||||1| fre d | ||
| 100 | 1 |
_aArréat, Lucien, _d1841-1922 _923233 |
|
| 245 | 1 | 0 |
_aArt et psychologie individuelle / _cpar Lucien Arreat. |
| 260 |
_aParis : _bF. Alcan., _c1906 ( _eCorbeil : _fCrété) |
||
| 300 |
_aVIII, 158 p. ; _c19 cm. |
||
| 490 | 1 | _aBibliothèque de philosophie contemporaine | |
| 650 | 7 |
_aPsicología del arte _2embne _9153695 |
|
| 830 | 0 |
_aBibliothèque de philosophie contemporaine _9181027 |
|
| 852 |
_aES-MaACL _jF-12168 |
||
| 999 |
_c26727 _d26727 |
||